00836nam a2200265Ia 4500003000400000005001700004008004100021040001000062041000800072082002200080100003100102245006700133260005300200300001500253650001900268650002300287650002000310650003500330650003600365942000700401942001100408942001100419999001700430952012300447OSt20250210125118.0210329s9999||||xx |||||||||||||| ||und|| cSTCPL aENG a954.02bFRE-P V.1 aDanvers, Frederick Charles 4aThe portuguese in india Vol.1 /cby Frederick Charles Danvers aNew Delhi :bBr Publishing Corporation ,c1894 . a572 p.bHB aIndian History aPortuguse in india aColonial period aRise and decline of Portuguse  aRise and decline Eastern empire cBK 2ddcn0 2ddcn0 c70107d70107 00102ddc408HIS71aSTCPLbSTCPLcR-HISd2021-07-10l0o954.02 FRE-P V.1p83649r2021-07-10 00:00:00w2021-07-10yBK